000 00311nam a2200133Ia 4500
005 20260328104313.0
008 260328s9999||||xx |||||||||||||| ||und||
100 _aMestre, Octavio
245 0 _aSunlight Houses /
_cOctavio Mestre
260 _bMonsa
300 _a100 p.
650 _aCASAS-BOTES
942 _cBK
999 _c11062
_d11062